Dans quoi ces pays sont-ils les meilleurs ? - #2 - Statistiques

Statistiques générales
  • Ce quiz a été pris 576 fois
  • Le résultat moyen est 3 sur 12
Statistiques - réponses
Réponse Hint % Correct
{PIB} États-Unis
85%
{Coupes} {du} {monde} {de} {football} Brésil
76%
{Ordre} {alphabétique} Afghanistan
68%
{Nombre} {de} {touristes} France
40%
{Ogives} {nucléaires} Russie
34%
{Couverture} {Forestière} Suriname
11%
{Population} {Urbaine} Koweït
11%
{Prix} {Nobel} États-Unis
7%
{Taux} {d'homicide} Jamaïque
7%
{Production} {de} {riz} Chine
5%
{Drapeau} {avec} {le} {plus} {de} {blanc} Chypre
4%
{Part} {de} {femmes} {au} {Parlement} Rwanda
2%
Aucun quiz correspondant
Distribution des résultats
% des personnes avec chaque résultat
Percentile par nombre de réponses
Votre historique - résultats
Vous n’avez pas pris ce quiz